000
00344nam a2200169Ia 4500
100
_a
EVANS MIKE
650
_a
PHILOPSOPHY
942
_c
BK
366
_f
25
654
_a
EXAMS
245
_a
EXAMS ARE EASY
260
_b
BETTER YOURSELF BOOK
_a
Bandra
_c
2002
082
_a
170/EVA
_b
EVA
300
_a
101
546
_a
ENGLISH
999
_c
35610
_d
35610